000 00483nam a22001697a 4500
999 _c41677
_d41677
003 OSt
005 20221102135848.0
008 221102b ||||| |||| 00| 0 eng d
020 _a9789380902623
040 _coclc
082 _a641
_bCHA/F
100 _99210
_aChandna, Rati Sagar
245 _aFood and nutrition /
_cRati Sagar Chandna.
260 _aJaipur:
_bAadi publications,
_c2011.
300 _a257 pages
942 _2ddc
_cBK
_h641
_iCHA/F
_k641
_mCHA/F